Culture Générale - Série 1239 - Statistiques

Statistiques générales
  • Ce quiz a été pris 108 fois
  • Le résultat moyen est 8 sur 10
Statistiques - réponses
Question Réponse % Correct
Quelle couleur attribue-t-on au travail illégal ? noir
99%
Quel genre de reptile peut être à sonnette ? serpent
99%
Quel héros de bande dessinée créé par Hergé a fêté ses 80 ans en 2009 ? Tintin
97%
Qui est le cow-boy solitaire de la BD créée par Morris en 1946 ? Lucky Luke
96%
Quel matériau de construction est le verlan du verbe tomber ? béton
95%
À quel artiste jamaïquain doit-on la chanson "I Shot The Sheriff" ? Bob Marley
87%
Quel territoire les États-Unis ont-ils acheté à la France, en 1803 ? Louisiane
84%
Dans l'Antiquité, quelle robe drapée portaient les citoyens de la république de Rome ? toge
80%
Sous quel nom connait-on mieux la femme de lettres Sophie Rostopchine ? comtesse de Ségur
52%
Quel mouton de race espagnole, originaire d'Afrique du Nord, à toison épaisse donnant une laine très fine, s'est répandu en France à partir du XVIIIe siècle ? mérinos
29%
Aucun quiz correspondant
Distribution des résultats
% des personnes avec chaque résultat
Percentile par nombre de réponses
Votre historique - résultats
Vous n’avez pas pris ce quiz